Vocational teacher training in the industrial field; (Record no. 21410)
[ view plain ]
| 000 -LEADER | |
|---|---|
| fixed length control field | 01861cam a22003011 4500 |
| 001 - CONTROL NUMBER | |
| control field | e 34000636 |
| 003 - CONTROL NUMBER IDENTIFIER | |
| control field | DLC |
| 005 - DATE AND TIME OF LATEST TRANSACTION | |
| control field | 20260227111225.0 |
| 008 - FIXED-LENGTH DATA ELEMENTS--GENERAL INFORMATION | |
| fixed length control field | 850917s1934 dcu f000 0 eng c |
| 010 ## - LIBRARY OF CONGRESS CONTROL NUMBER | |
| LC control number | e 34000636 |
| 035 ## - SYSTEM CONTROL NUMBER | |
| System control number | (OCoLC)12563559 |
| 040 ## - CATALOGING SOURCE | |
| Original cataloging agency | U.S. Office of Education. Library |
| Transcribing agency | NBuC |
| Modifying agency | DLC |
| 050 00 - LIBRARY OF CONGRESS CALL NUMBER | |
| Classification number | LC1045 |
| Item number | .A25 no. 172 |
| 110 2# - MAIN ENTRY--CORPORATE NAME | |
| Corporate name or jurisdiction name as entry element | American Vocational Association. |
| Subordinate unit | Committee on Trade and Industrial Teacher Training. |
| 245 10 - TITLE STATEMENT | |
| Title | Vocational teacher training in the industrial field; |
| Remainder of title | four reports to the Committee on Trade and Industrial Teacher Training of the American Vocational Association, Inc. 1934. |
| Statement of responsibility, etc. | United States Department of the Interior, Harold L. Ickes, Secretary. Office of Education, George F. Zook, Commissioner. |
| 260 ## - PUBLICATION, DISTRIBUTION, ETC. | |
| Place of publication, distribution, etc. | Washington, |
| Name of publisher, distributor, etc. | U.S. Govt. Print. Off., |
| Date of publication, distribution, etc. | 1934. |
| 300 ## - PHYSICAL DESCRIPTION | |
| Extent | v, 32 p. |
| Dimensions | 23 cm. |
| 490 0# - SERIES STATEMENT | |
| Series statement | United States. Office of Education. [Vocational Division] Vocational education bulletin |
| Volume/sequential designation | no. 172. |
| Series statement | Trade and industrial series, |
| Volume/sequential designation | no. 50 |
| 500 ## - GENERAL NOTE | |
| General note | Bound with Vocational education bulletin no. 173-no. 180 subsequent to publication. |
| 505 0# - FORMATTED CONTENTS NOTE | |
| Formatted contents note | Upgrading vocational teachers in service, by G.D. Whitney.--Methods being used in selecting persons to be trained as vocational instructors, by J.G. Spofford.--Procedures to be followed in giving attention to the needs of individual students in teacher-training courses, by G.E. Myers.--A comparative study of the bases and methods for certification of vocational teachers. (Limited to the trade and industrial field) By B.W. Johnson. |
| 650 #0 - SUBJECT ADDED ENTRY--TOPICAL TERM | |
| Topical term or geographic name entry element | Teachers |
| General subdivision | Training of. |
| 650 #0 - SUBJECT ADDED ENTRY--TOPICAL TERM | |
| Topical term or geographic name entry element | Manual training. |
| 650 #0 - SUBJECT ADDED ENTRY--TOPICAL TERM | |
| Topical term or geographic name entry element | Technical education. |
| 700 1# - ADDED ENTRY--PERSONAL NAME | |
| Personal name | Whitney, Gerald DeForrest, |
| Dates associated with a name | 1884- |
| 700 1# - ADDED ENTRY--PERSONAL NAME | |
| Personal name | Spofford, Judson Gould, |
| Dates associated with a name | 1883- |
| 700 1# - ADDED ENTRY--PERSONAL NAME | |
| Personal name | Myers, George E. |
| Fuller form of name | (George Edmund), |
| Dates associated with a name | 1871- |
| 700 1# - ADDED ENTRY--PERSONAL NAME | |
| Personal name | Johnson, Benjamin Wiley, |
| Dates associated with a name | 1869- |
No items available.